Good For You - Selena Gomez Feat. A$AP Rocky - All Lyrics - Statistics

General Stats
  • This quiz has been taken 60 times
  • The average score is 352 of 460
Answer Stats
Answer % Correct
I
100%
I,
100%
you
100%
you,
100%
You
100%
you?
100%
a
98%
for
98%
uh-uh
98%
uh-uh,
98%
Uh-uh,
98%
Do
95%
good,
95%
good
95%
be
93%
me
93%
me,
93%
to
93%
dress
91%
I'm
91%
leave
91%
Leave
91%
on
91%
on,
91%
So
91%
so
91%
wanna
91%
my
89%
your
89%
am
86%
floor
86%
look
86%
that
86%
the
86%
up
86%
up,
86%
yours
86%
don't,
84%
don't
84%
hair
84%
how
84%
in
84%
just
84%
Just
84%
Make
84%
make
84%
mess
84%
Let
82%
let
82%
like
82%
like,
82%
Like
82%
never
82%
this
82%
we
82%
it
80%
it,
80%
it?
80%
show
80%
skin
80%
'Cause
77%
real,
77%
real
77%
wear
77%
nice
75%
say
75%
14
73%
And
73%
and
73%
finna
73%
Gonna
73%
heart
73%
proud
73%
won't,
73%
won't
73%
can
70%
jealous
70%
skin-tight
70%
bad,
68%
bad
68%
diamond
68%
take
68%
there
68%
beating
66%
Could
66%
got
66%
you're
66%
even
64%
love
64%
still
64%
Tiffany
64%
give
61%
know
61%
carat
59%
touch
59%
minute,
57%
no
57%
Trust
57%
trust
57%
breathing
55%
Doing
55%
carats
52%
feel
52%
girl,
50%
hard
50%
way
50%
ain't
48%
Ain't
48%
But
45%
bet
43%
did
43%
Midas
43%
trying
43%
every
41%
Hold
41%
marquise
39%
Baby,
36%
diamonds
36%
syncopate
36%
They
36%
business
34%
club
34%
fuck
34%
get
34%
hit
34%
Now
32%
time
32%
image
27%
around
25%
Jackpot,
25%
jackpot
25%
'round
25%
bitch
23%
shit
23%
into
20%
she
20%
miniature
18%
touchin'
18%
Any
16%
news
16%
next
16%
signature
16%
town,
16%
end
14%
met
14%
pull
14%
Rubbin'
14%
stuff
14%
triple
14%
ass
11%
'bout
11%
shots
11%
through
11%
without
11%
zipper
11%
always
9%
John
9%
cuffs
7%
fall
7%
Pants
7%
press
7%
sag
7%
Hancock,
5%
Stumble
5%
worried
5%
No matching quizzes found
Score Distribution
Percent of People with Each Score
Percentile by Number Answered
Your Score History
You have not taken this quiz